Loading...
| Fine Arts - Painting and Sculpture | 0 | 7 | 1 | 1 | 65 | 51 | 92.14 | 0 | 1 | 0.00 | 0.00 |
| Fine Arts - Classical Music | 0 | 5 | 1 | 1 | 45 | 92 | 110.60 | 0 | 0 | 0.00 | 0.00 |
| Literature - European | 0 | 4 | 0 | 0 | 40 | 76 | 93.00 | 0 | 0 | 0.00 | 0.00 |
| Science - Biology | 0 | 4 | 0 | 1 | 40 | 55 | 87.50 | 0 | 1 | 0.00 | 0.00 |
| Geography | 0 | 4 | 0 | 0 | 40 | 87 | 100.75 | 0 | 0 | 0.00 | 0.00 |
| Social Science | 0 | 3 | 0 | 0 | 30 | 47 | 68.67 | 0 | 0 | 0.00 | 0.00 |
| Literature - British | 0 | 4 | 2 | 0 | 30 | 76 | 85.50 | 0 | 0 | 0.00 | 0.00 |
| Literature - World | 0 | 3 | 0 | 0 | 30 | 25 | 73.33 | 0 | 2 | 0.00 | 0.00 |
| Religion | 0 | 3 | 0 | 1 | 30 | 85 | 105.33 | 0 | 0 | 0.00 | 0.00 |
| Current Events | 0 | 2 | 0 | 1 | 20 | 74 | 87.50 | 0 | 0 | 0.00 | 0.00 |
| Popular Culture | 0 | 2 | 0 | 0 | 20 | 28 | 28.50 | 1 | 2 | 0.00 | 0.00 |
| History - Other | 0 | 2 | 0 | 1 | 20 | 102 | 105.50 | 0 | 0 | 0.00 | 0.00 |
| Science - Physics | 0 | 2 | 0 | 1 | 20 | 100 | 102.50 | 0 | 0 | 0.00 | 0.00 |
| Fine Arts - Other | 0 | 3 | 2 | 0 | 20 | 58 | 72.00 | 1 | 1 | 0.00 | 0.00 |
| Literature - American | 0 | 2 | 1 | 0 | 15 | 82 | 85.00 | 0 | 0 | 0.00 | 0.00 |
| Science - Other | 0 | 2 | 1 | 1 | 15 | 95 | 113.50 | 0 | 0 | 0.00 | 0.00 |
| History - European | 0 | 1 | 0 | 0 | 10 | 89 | 89.00 | 0 | 0 | 0.00 | 0.00 |
| History - American | 0 | 1 | 0 | 0 | 10 | 82 | 82.00 | 0 | 0 | 0.00 | 0.00 |
| History - World | 0 | 1 | 0 | 0 | 10 | 99 | 99.00 | 0 | 0 | 0.00 | 0.00 |
| Mythology | 0 | 1 | 1 | 0 | 5 | 82 | 82.00 | 0 | 0 | 0.00 | 0.00 |
| Science - Chemistry | 0 | 1 | 1 | 1 | 5 | 131 | 131.00 | 0 | 0 | 0.00 | 0.00 |
| Philosophy | 0 | 0 | 1 | 0 | -5 | 0.00 | 0 | 0 | 0.00 | 0.00 |